The Economics of Money, Banking and Financial Markets (Record no. 3699)

MARC details
005 - DATE AND TIME OF LATEST TRANSACTION
control field 20250611064507.0
020 ## - INTERNATIONAL STANDARD BOOK NUMBER
International Standard Book Number 1-292-40948-7
082 ## - DEWEY DECIMAL CLASSIFICATION NUMBER
Classification number 332 MIS
100 ## - MAIN ENTRY--PERSONAL NAME
Author name MISHKIN, F. S.
245 ## - TITLE STATEMENT
Title The Economics of Money, Banking and Financial Markets
250 ## - EDITION STATEMENT
Edition statement 13th Ed.
260 ## - PUBLICATION, DISTRIBUTION, ETC.
Place of publication, distribution, etc. London,
Name of publisher, distributor, etc. Pearson,Education Limited,
Date of publication, distribution, etc. 2022.
300 ## - PHYSICAL DESCRIPTION
Extent 718p.: Ill.; figures.
Other physical details Index
Dimensions 25cm.
942 ## - ADDED ENTRY ELEMENTS (KOHA)
Source of classification or shelving scheme Dewey Decimal Classification
Koha item type Books
Holdings
Date last seen Total checkouts Full call number Barcode Cost, replacement price Price effective from Koha item type Lost status Source of classification or shelving scheme Damaged status Not for loan Withdrawn status Home library Current library Shelving location Date acquired Cost, normal purchase price Source of acquisition
06/11/2025   332 MIS 00000012570 534279.00 06/11/2025 Books   Dewey Decimal Classification       College of Business Education Main Library College of Business Education Main Library General Collection 09/17/2024 178093.00  
06/11/2025   332 MIS 00000012571 534279.00 06/11/2025 Books   Dewey Decimal Classification       College of Business Education Main Library College of Business Education Main Library Special Reserve Collection 09/17/2024 178093.00  
06/11/2025   332 MIS 00000012572 534279.00 06/11/2025 Books   Dewey Decimal Classification       College of Business Education Main Library College of Business Education Main Library General Collection 09/17/2024 178093.00  
06/28/2025   332.1 MIS DOM000219 534279.00 06/11/2025 Books   Dewey Decimal Classification       College of Business Education Main Library College of Business Education Main Library General Collection 09/17/2024 178093.00 Library budget